Chambre séparée Obľúbené operné melódie

Podrobná bibliografia
Korporatívny autor: Opus (hudobné vydavateľstvo). Štúdiový orchester (Autor)
Ďalší autori: Farkaš, Viliam, 1931-2005 (roz), Brož, Miroslav, 1922-1991 (roz)
Médium: Kniha
Jazyk:nemčina
Fyzický popis:1 CD
Vydavateľské údaje: Bratislava, Opus 1989.

MARC

LEADER 00000cam a2200000 a 4500
001 vtls001252322
003 SK-MaSNL
005 20260302032123.0
008 250414s1989 CS 0 ger
035 |a SNK000203141 
040 |a SNK  |b slo  |c SNK  |e AACR2 
041 0 |a ger 
044 |a [CS] 
080 |a 785.1:782.8:787.1(086.7)  |2 1981 
080 |a 782.8  |2 1981 
080 |a 787.1(086.7)  |2 1981 
080 |a 787.1  |2 1981 
110 2 |a Opus (hudobné vydavateľstvo).  |b Štúdiový orchester  |4 aut  |9 63195 
245 0 0 |a Chambre séparée  |h Audiozáznam (CD)  |b Obľúbené operné melódie  |c Štúdiový orchester Opusu ; Miroslav Brož, Viliam Farkaš, Miroslav Brož 
260 |a Bratislava,  |b Opus  |c 1989. 
300 |a 1 CD 
366 |e 100 Kčs. 
500 |a Kompaktná platňa. Stereo. Má 15 skl. Fotogr. Danica Rumanová. Dizajn Milena Johanesová. Vytl. Opus, n.p., Bratislava. 
500 |a Aranž. Miroslav Brož. Na husliach hrá Viliam Farkaš. Hrá Štúdiový orchester Opusu, dir. Miroslav Brož. 
700 1 |a Brož, Miroslav,  |d 1922-1991  |4 oth  |9 38218 
700 1 |a Farkaš, Viliam,  |d 1931-2005  |4 roz  |9 43651 
700 1 |a Brož, Miroslav,  |d 1922-1991  |4 roz  |9 38218 
852 |a Slovenská národná knižnica 
954 |a orchestrálna hudba  |a operety  |a hudba pre husle 
958 |a OND 
999 |c 1055089  |d 1057019 
952 |a SNK  |b SNK  |y VYP  |7 0  |p 17A0094111  |o snkSCD 81 D1  |i snk144/90  |z CD  |0 0  |1 0  |4 0  |d 2017-03-02  |l 0  |r 2026-02-24 15:09:31  |w 2026-02-24 
952 |a SNK  |b SNK  |y PREZ  |7 0  |p 17A0094116  |o snkSCD 81 D2  |i snk178/90  |0 0  |1 0  |4 0  |d 2017-03-02  |l 0  |r 2026-02-24 15:09:31  |w 2026-02-24